Pays en emojis - Statistiques

Statistiques générales
  • Ce quiz a été pris 243 fois
  • Le résultat moyen est 17 sur 25
Statistiques - réponses
Emojis Pays % Correct
🍔🗽 États-Unis
99%
🧀🍷🥖🗼 France
99%
🍕🍝🎭⛲️ Italie
99%
🎩☕️👑💂 Royaume-Uni
99%
🐉🥢🏯 Chine
98%
🍣🎎🗻 Japon
97%
🐨🏄‍♂️🦘 Australie
96%
🍁🏒❄️ Canada
96%
🌮🎉🦎🌵 Mexique
96%
🍺🥨 Allemagne
94%
⚽️🌴🎉👙 Brésil
90%
🕌🐘🍛 Inde
90%
🍫⛷️⌚️ Suisse
87%
🍀🍺💰🌈 Irlande
81%
❄️🪆🏰 Russie
78%
🐪🏜️ Maroc
69%
🦘🏉🌏 Nouvelle-Zélande
68%
🦙🏔️ Pérou
56%
🌴🐘 Thaïlande
30%
🌾🍚🎋 Vietnam
29%
🕋🥭🕌🐪 Émirats arabes unis
28%
🦒🌅🐘 Kenya
26%
🏞️🦌🛶 Finlande
5%
🏰🦌❄️ Pologne
5%
🌊🐚🏰💦🌳 Croatie
1%
Aucun quiz correspondant
Distribution des résultats
% des personnes avec chaque résultat
Percentile par nombre de réponses
Votre historique - résultats
Vous n’avez pas pris ce quiz